Energofórum 2011 [zborník príspevkov]
| Corporate Author: | |
|---|---|
| Format: | Conference Proceeding Software eBook |
| Language: | Slovak Czech English |
| PhysicalDescription: | 1 elektronický optický disk (CD-ROM) fotogr., grafy, mp., sch., tab. 8 cm Vydané aj v tlačenej forme |
| Published: |
[S.l.]
Sféra
2011
|
| ISBN: | 9788097004569 (elektronická kniha) |
| Subjects: | |
| Online Access: | www.energoforum.sk |
MARC
| LEADER | 00000nam a2200000 a 4500 | ||
|---|---|---|---|
| 001 | vtls010328583 | ||
| 003 | SK-MaSNL | ||
| 005 | 20260425232845.0 | ||
| 007 | co cj muuua | ||
| 008 | 111206s2011 xo dbolfs 100 0 slo | ||
| 015 | |a SNBS2013 | ||
| 020 | |a 9788097004569 (elektronická kniha) |z 9788097704569 | ||
| 040 | |a SNK |b slo |c SNK |e AACR2 | ||
| 041 | 0 | |a slo |a cze |a eng | |
| 043 | |a e-xo--- | ||
| 044 | |a xo |c SK | ||
| 072 | 7 | |a 620.9 |x Energetika |2 konspekt | |
| 080 | |a 620.9 |2 2001 | ||
| 080 | |a 621.31 |2 2001 | ||
| 080 | |a 339.9.012.421 |2 2001 | ||
| 080 | |a 339.166:621.31 |2 2001 | ||
| 080 | |a 662.76 |2 2001 | ||
| 080 | |a 351.824.11 |2 2001 | ||
| 080 | |a 339.137 |2 2001 | ||
| 080 | |a (062.534) |2 2001 | ||
| 080 | |a (0.034.44) |2 2001 | ||
| 080 | |a (437.6) |2 2001 | ||
| 111 | 2 | |a Energofórum |n (6. : |d 2011 : |c Vyhne, Slovensko) |9 171730 | |
| 245 | 1 | 0 | |a Energofórum 2011 |h elektronický zdroj |b [zborník príspevkov] |
| 260 | |a [S.l.] |b Sféra |c 2011 | ||
| 300 | |a 1 elektronický optický disk (CD-ROM) |b fotogr., grafy, mp., sch., tab. |c 8 cm | ||
| 500 | |a Názov z titulnej obrazovky | ||
| 516 | |a Textový dokumennt (zborník), súbory vo formáte html, pdf, jpg, gif | ||
| 530 | |a Vydané aj v tlačenej forme | ||
| 538 | |a Technické požiadavky: internetový prehliadač, PDF prehliadač, prehliadač obrázkov | ||
| 546 | |a Text čiast. aj angl., čes. | ||
| 650 | 0 | 7 | |a energetika |2 SNKPH |9 3680 |
| 650 | 0 | 7 | |a elektroenergetika |2 SNKPH |9 15219 |
| 650 | 0 | 7 | |a liberalizácia obchodu |2 SNKPH |9 50004 |
| 650 | 0 | 7 | |a obchod s elektrinou |2 SNKPH |9 326889 |
| 650 | 0 | 7 | |a plynárstvo |2 SNKPH |9 1675 |
| 650 | 0 | 7 | |a legislatíva |2 SNKPH |9 121217 |
| 650 | 0 | 7 | |a konkurencia |2 SNKPH |9 2281 |
| 650 | 0 | 7 | |a Energy industries |2 SNKPHeng |9 326574 |
| 650 | 0 | 7 | |a Electric power engineering |2 SNKPHeng |9 326890 |
| 650 | 0 | 7 | |a Liberalization of trade |2 SNKPHeng |9 412141 |
| 650 | 0 | 7 | |a Electric power trade |2 SNKPHeng |9 326891 |
| 650 | 0 | 7 | |a Gas industry |2 SNKPHeng |9 324187 |
| 650 | 0 | 7 | |a Legislation |2 SNKPHeng |9 268421 |
| 650 | 0 | 7 | |a Competition |2 SNKPHeng |9 346701 |
| 651 | 7 | |a Slovensko |2 SNKPH |9 14231 | |
| 651 | 7 | |a Slovakia |2 SNKPHeng |9 92630 | |
| 655 | 7 | |a elektronické zdroje |2 SNKPH |9 90954 | |
| 655 | 7 | |a CD-ROM |2 SNKPH |9 70236 | |
| 655 | 7 | |a zborníky konferencií |2 SNKPH |9 70153 | |
| 655 | 7 | |a Electronic resources |2 SNKPHeng |9 175546 | |
| 655 | 7 | |a Proceedings of conferences |2 SNKPHeng |9 265791 | |
| 776 | 1 | |t Energofórum 2011 |w vtls010339409 | |
| 856 | 4 | 1 | |u www.energoforum.sk |
| 919 | |a 978-80-970045-6-9 | ||
| 999 | |c 750322 |d 752252 | ||
| 952 | |a SNK |b SNK |y PREZ |7 0 |p 17A0833658 |o snkSCDM 4330 |i snk2011/23969 |8 0 |0 0 |1 0 |4 0 |d 2011-12-06 |l 0 |r 2026-02-23 23:29:42 |w 2026-02-23 | ||


